| 000 | 00814 a2200253 4500 | ||
|---|---|---|---|
| 003 | OSt | ||
| 005 | 20180116192343.0 | ||
| 008 | 120529t xxu||||| |||| 00| 0 eng d | ||
| 020 | _a9057680513 (pbk.) | ||
| 020 | _a9789057680519 | ||
| 040 | _c0 | ||
| 082 | 0 | 4 | _a912 |
| 245 | 0 | 4 | _aThe Agile Rabbit book of historical and curious maps. |
| 246 | 3 | _aBook of historical and curious maps. | |
| 260 |
_aAmsterdam : _bPepin ; _c2005. |
||
| 300 |
_a127 p. : _bchiefly col. maps ; _c28 cm. |
||
| 500 | _aIncludes CD-ROM in rear pocket. | ||
| 650 | 0 |
_aMaps in art _92500 |
|
| 650 | 0 |
_aDecoration and ornament _yCatalogs _92501 |
|
| 650 | 0 |
_aHistorical geography _yMaps. _92502 |
|
| 710 | 2 |
_aPepin Press _92503 |
|
| 942 |
_aSADA _cREF _kREF 912 AGI 2005 _2ddc |
||
| 999 |
_c352744 _d352744 |
||